书目信息 |
| 题名: |
宇宙化学
|
|
| 作者: | 赵南生 编著 | |
| 分册: | ||
| 出版信息: | 北京 科学出版社 1985 |
|
| 页数: | 204页 | |
| 开本: | 19cm | |
| 丛书名: | 天文学基础知识丛书 | |
| 单 册: | ||
| 中图分类: | P148 | |
| 科图分类: | ||
| 主题词: | 天体化学 | |
| 电子资源: | ||
| ISBN: | ||
| 000 | 00690nam2 2200265 45 | |
| 001 | 0185009759 | |
| 005 | 20040520163112.8 | |
| 010 | @dCNY1.25 | |
| 091 | @a13031.2775 | |
| 100 | @a19930629d1985 em y0chiy0121 ea | |
| 101 | 0 | @achi |
| 102 | @aCN@b110000 | |
| 105 | @af z 000yy | |
| 106 | @ar | |
| 200 | 10 | @a宇宙化学@Ayu zhou hua xue@f赵南生编著 |
| 210 | @a北京@c科学出版社@d1985 | |
| 215 | @a204页@c图表@d19cm | |
| 225 | 2 | @a天文学基础知识丛书 |
| 410 | 0 | @120010@a天文学基础知识丛书 |
| 606 | @a天体化学 | |
| 690 | @aP148@v3 | |
| 701 | 0 | @a赵南生@Azhao nan sheng@4编著 |
| 801 | 0 | @aCN@b深圳图书馆@c20040520 |
| 801 | 2 | @aCN@bNLC@c20040520 |
| 905 | @f2@b131387-388@dP148@e37 | |
| 宇宙化学/赵南生编著.-北京:科学出版社,1985 |
| 204页:图表;19cm.-(天文学基础知识丛书) |
| ISBN :CNY1.25 |
| ● |
| 相关链接 |
|
|
|
|
正题名:宇宙化学
索取号:P148/37
 
预约/预借
| 序号 | 登录号 | 条形码 | 馆藏地/架位号 | 状态 | 备注 |
| 1 | 0131387 | 000628486 | 第三借阅区/ [索取号:P148/37] | 在馆 | |
| 2 | 0131388 | 000628495 | 第三借阅区/ [索取号:P148/37] | 在馆 | |
| 3 | 0131389 | 202101340 | 第二样本阅览室/ [索取号:P148/37] | 在馆 |